[Event "COL-ch rapid"]
[Site "Quibdo"]
[Date "2015.11.09"]
[Round "4"]
[White "Acosta Cubides, Jorian Jared"]
[Black "Zuluaga Mancilla, Cesar"]
[Result "0-1"]
[WhiteElo "1962"]
[BlackElo "2267"]
[PlyCount "96"]
[EventDate "2015.11.09"]
[EventType "swiss (rapid)"]
[EventRounds "9"]
[EventCountry "COL"]
[SourceTitle "CBM 169 Extra"]
[Source "ChessBase"]
[SourceDate "2015.12.18"]
[SourceVersion "1"]
[SourceVersionDate "2015.12.18"]
[SourceQuality "1"]

1. e4 c5 2. Nf3 a6 3. c3 Nf6 4. Bd3 d6 5. 0-0 Nc6 6. Bc2 e5 7. h3 Be7 8. d4 Qc7 9. Be3 0-0 10. a4 Rb8 11. Na3 Re8 12. d5 Na7 13. b4 b6 14. b5 a5 15. Nc4 Bf8 16. Bg5 Nd7 17. Nh4 g6 18. Qd2 Bg7 19. Nf3 Nf6 20. Nh2 Nh5 21. Ng4 Bxg4 22. hxg4 Nf6 23. f3 Nc8 24. g3 Nd7 25. Rf2 f6 26. Be3 Nf8 27. f4 exf4 28. gxf4 Qd7 29. Rg2 Rb7 30. Qf2 Qd8 31. Qg3 Rbe7 32. Re1 Rxe4 33. Bxe4 Rxe4 34. Nb2 Qd7 35. Bd2 Rxe1+ 36. Qxe1 f5 37. g5 Qf7 38. Qe2 Qxd5 39. Nc4 Kf7 40. Rg3 Ne6 41. Rf3 Qe4 42. Qf1 d5 43. Ne3 d4 44. cxd4 Bxd4 45. Kh2 Nd6 46. Nd1 Qc2 47. Qe2 Ne4 48. Rd3 Nxf4 0-1

[Event "COL-ch rapid"]
[Site "Quibdo"]
[Date "2015.11.09"]
[Round "1"]
[White "Hernandez Sanchez, Jairo Andres"]
[Black "Acosta Cubides, Jorian Jared"]
[Result "1/2-1/2"]
[WhiteElo "2299"]
[BlackElo "1962"]
[PlyCount "72"]
[EventDate "2015.11.09"]
[EventType "swiss (rapid)"]
[EventRounds "9"]
[EventCountry "COL"]
[SourceTitle "CBM 169 Extra"]
[Source "ChessBase"]
[SourceDate "2015.12.18"]
[SourceVersion "1"]
[SourceVersionDate "2015.12.18"]
[SourceQuality "1"]

1. e4 c5 2. Nf3 d6 3. d4 cxd4 4. Nxd4 Nf6 5. Nc3 Nc6 6. Be2 e5 7. Nb3 Be7 8. 0-0 0-0 9. f4 exf4 10. Bxf4 Be6 11. Bf3 Qb6+ 12. Kh1 a5 13. Qe2 a4 14. Be3 Qc7 15. Nb5 Qc8 16. Nd2 Ne5 17. Nd4 Qd7 18. b3 d5 19. Nxe6 Qxe6 20. exd5 Nxd5 21. Bxd5 Qxd5 22. Rad1 Qc6 23. Bd4 Ng6 24. Qc4 axb3 25. axb3 Ra2 26. Qxc6 bxc6 27. c4 Bb4 28. Ne4 f5 29. Bc5 Bxc5 30. Nxc5 f4 31. Ne6 Re8 32. Nxf4 Nxf4 33. Rxf4 Rd2 34. Rdf1 Rd3 35. b4 Rb3 36. c5 Rb8 1/2-1/2

[Event "COL-ch rapid"]
[Site "Quibdo"]
[Date "2015.11.09"]
[Round "3"]
[White "Sanchez, Sebastian Felipe"]
[Black "Acosta Cubides, Jorian Jared"]
[Result "1-0"]
[WhiteElo "2366"]
[BlackElo "1962"]
[PlyCount "75"]
[EventDate "2015.11.09"]
[EventType "swiss (rapid)"]
[EventRounds "9"]
[EventCountry "COL"]
[SourceTitle "CBM 169 Extra"]
[Source "ChessBase"]
[SourceDate "2015.12.18"]
[SourceVersion "1"]
[SourceVersionDate "2015.12.18"]
[SourceQuality "1"]

1. d4 Nf6 2. c4 e6 3. g3 d5 4. Bg2 c6 5. Nf3 Nbd7 6. Qc2 Be7 7. 0-0 0-0 8. Nbd2 b6 9. e4 dxe4 10. Nxe4 Nxe4 11. Qxe4 Ba6 12. b3 Rc8 13. Rd1 Bf6 14. Ba3 Re8 15. Rac1 Qc7 16. h4 c5 17. Ng5 Bxg5 18. hxg5 cxd4 19. Rxd4 Nc5 20. Qc2 e5 21. Rh4 g6 22. Qe2 Ne6 23. Bb2 Nxg5 24. Qd2 Qd8 25. Qc3 f6 26. f4 Nf7 27. Qe3 Qc7 28. fxe5 Nxe5 29. Bd5+ Kh8 30. Qf4 Qg7 31. Qf1 Rf8 32. Re1 Bb7 33. Rxe5 fxe5 34. Qe2 Rce8 35. Re4 Bxd5 36. Rxe5 Rxe5 37. Bxe5 Rf6 38. Qb2 1-0

[Event "COL-ch Superate A"]
[Site "Colombia"]
[Date "2015.10.19"]
[Round "4.1"]
[White "Acosta Cubides, Jorian Jared"]
[Black "Corredor Castellanos, Camilo"]
[Result "1/2-1/2"]
[WhiteElo "1955"]
[BlackElo "2001"]
[PlyCount "112"]
[EventDate "2015.10.19"]
[EventType "swiss (rapid)"]
[EventRounds "6"]
[EventCountry "COL"]
[SourceTitle "EXT 2024"]
[Source "ChessBase"]
[SourceDate "2023.10.10"]
[SourceVersion "1"]
[SourceVersionDate "2023.10.10"]
[SourceQuality "1"]

1. e4 e5 2. Nf3 Nc6 3. Bc4 Bc5 4. b4 Bxb4 5. c3 Bd6 6. d4 Nf6 7. 0-0 0-0 8. dxe5 Bxe5 9. Nxe5 Nxe5 10. Bb3 d6 11. h3 Re8 12. Nd2 Bd7 13. f4 Ng6 14. Bc2 Bc6 15. Qf3 d5 16. e5 d4 17. Qg3 Nh5 18. Qg4 Nhxf4 19. Rxf4 Nxf4 20. Qxf4 dxc3 21. Nf3 Bxf3 22. Qxf3 Rxe5 23. Bf4 Qd4+ 24. Kh2 Re7 25. Rd1 Qf6 26. Qg3 Re6 27. Bxc7 Rae8 28. Qd3 g6 29. Rf1 Qe7 30. Bf4 Rd8 31. Qxc3 Rc6 32. Qb3 Qe2 33. Rd1 Rxd1 34. Bxd1 Qe4 35. Bg3 Rb6 36. Qc3 Rc6 37. Qd2 Qe7 38. Bf3 Rb6 39. Qc3 Re6 40. Qc8+ Kg7 41. Bxb7 h5 42. Bd5 Re2 43. Qc3+ Kh7 44. Qd4 Re3 45. Bf4 Re2 46. Qc4 Kg7 47. Qd4+ Kh7 48. Qc4 Kg7 49. Qb3 Re1 50. Qc3+ Kh7 51. Bxf7 Qxf7 52. Qxe1 Qxf4+ 53. g3 Qf7 54. h4 Qe7 55. Kg2 Qe4+ 56. Kf2 Qf5+ 1/2-1/2

[Event "Bogota Superate Cat A Avanzado"]
[Site "Bogota"]
[Date "2015.10.17"]
[Round "3.1"]
[White "Acosta Cubides, Jorian Jared"]
[Black "Corredor Castellanos, Camilo"]
[Result "1/2-1/2"]
[WhiteElo "2000"]
[BlackElo "1901"]
[PlyCount "43"]
[EventDate "2015.10.16"]
[EventType "swiss"]
[EventRounds "5"]
[EventCountry "COL"]
[SourceTitle "EXT 2024"]
[Source "ChessBase"]
[SourceDate "2023.10.10"]
[SourceVersion "1"]
[SourceVersionDate "2023.10.10"]
[SourceQuality "1"]

1. e4 e5 2. Nf3 Nc6 3. Bc4 Bc5 4. b4 Bxb4 5. c3 Be7 6. d4 Na5 7. Be2 exd4 8. Qxd4 Nf6 9. e5 Nc6 10. Qh4 Nd5 11. Qg3 0-0 12. Bh6 g6 13. Bxf8 Bxf8 14. 0-0 Bh6 15. Nd4 Nf4 16. Re1 d6 17. Nxc6 bxc6 18. Bf3 dxe5 19. Rxe5 Be6 20. Re4 Qf6 21. Nd2 Qxc3 22. Rd1 1/2-1/2

[Event "Bogota University op 9th"]
[Site "Bogota"]
[Date "2015.10.08"]
[Round "1"]
[White "Diaz, Luisa Fernanda"]
[Black "Acosta Cubides, Jorian Jared"]
[Result "0-1"]
[WhiteElo "1537"]
[BlackElo "2000"]
[PlyCount "80"]
[EventDate "2015.10.08"]
[EventType "swiss"]
[EventRounds "9"]
[EventCountry "COL"]
[SourceTitle "CBM 168 Extra"]
[Source "ChessBase"]
[SourceDate "2015.10.29"]
[SourceVersion "1"]
[SourceVersionDate "2015.10.29"]
[SourceQuality "1"]

1. e4 c5 2. Nf3 d6 3. Bb5+ Bd7 4. Bxd7+ Qxd7 5. 0-0 Nc6 6. d4 Nxd4 7. Nxd4 Nf6 8. Re1 g6 9. c4 Bg7 10. Nc3 0-0 11. b3 cxd4 12. Qxd4 Nxe4 13. Qxe4 Bxc3 14. Bh6 Rfe8 15. Rac1 Bxe1 16. Rxe1 e5 17. Qh4 Qf5 18. Bg5 Re6 19. h3 f6 20. g4 Qxg5 21. Qxg5 fxg5 22. Kg2 Rf8 23. Kg3 Ref6 24. Re2 Rf3+ 25. Kg2 Rd3 26. Re3 Rxe3 27. fxe3 e4 28. b4 Rf3 29. a4 Rxe3 30. Kf2 Rc3 31. b5 Rxc4 32. a5 Kf7 33. Ke3 Ke6 34. Ke2 Ke5 35. Ke3 Rc3+ 36. Ke2 Kd4 37. Kd2 e3+ 38. Ke1 Kd3 39. Kd1 e2+ 40. Ke1 Ke3 0-1

[Event "Pan American-ch U14"]
[Site "Cali"]
[Date "2015.07.01"]
[Round "5"]
[White "Menes Aguirre, Ivan"]
[Black "Acosta Cubides, Jorian Jared"]
[Result "1/2-1/2"]
[WhiteElo "1481"]
[BlackElo "2020"]
[PlyCount "54"]
[EventDate "2015.06.28"]
[EventType "swiss"]
[EventRounds "9"]
[EventCountry "COL"]
[SourceTitle "EXT 2016"]
[Source "ChessBase"]
[SourceDate "2015.10.08"]
[SourceVersion "1"]
[SourceVersionDate "2015.10.08"]
[SourceQuality "1"]

1. e4 c5 2. Nf3 d6 3. c3 Nf6 4. h3 e6 5. Bd3 Be7 6. Bc2 0-0 7. d4 cxd4 8. cxd4 Nbd7 9. 0-0 a6 10. Nc3 Qc7 11. a4 b6 12. Bg5 Bb7 13. Qe2 h6 14. Be3 Rac8 15. Rac1 Qb8 16. Rfe1 Rfe8 17. Bd3 Bf8 18. Bxa6 Qa8 19. Bxb7 Qxb7 20. Bf4 e5 21. dxe5 dxe5 22. Bd2 Nc5 23. b4 Nb3 24. Rb1 Nd4 25. Qd1 Rcd8 26. Be3 Nc6 27. Qb3 Nxb4 1/2-1/2

[Event "COL-ch U16"]
[Site "Medellin"]
[Date "2015.05.02"]
[Round "8"]
[White "Acosta Cubides, Jorian Jared"]
[Black "Cuevas Sanchez, Bramdon Daniel"]
[Result "1-0"]
[WhiteElo "1925"]
[BlackElo "1803"]
[PlyCount "35"]
[EventDate "2015.04.28"]
[EventType "tourn"]
[EventRounds "9"]
[EventCountry "COL"]
[SourceTitle "EXT 2018"]
[Source "ChessBase"]
[SourceDate "2017.10.13"]
[SourceVersion "1"]
[SourceVersionDate "2017.10.13"]
[SourceQuality "1"]

1. e4 e5 2. Nf3 Nc6 3. Bc4 Bc5 4. b4 Bxb4 5. c3 Ba5 6. d4 exd4 7. Qb3 Qe7 8. 0-0 dxc3 9. Nxc3 Bxc3 10. Qxc3 Nf6 11. e5 Ng4 12. Ba3 d6 13. exd6 Qf6 14. Rfe1+ Kd7 15. Qd2 cxd6 16. Rad1 b6 17. Bxd6 Qg6 18. Bf4+ 1-0

[Event "COL-ch U16"]
[Site "Medellin"]
[Date "2015.05.02"]
[Round "7"]
[White "Quinonez Garcia, Santiago"]
[Black "Acosta Cubides, Jorian Jared"]
[Result "1/2-1/2"]
[WhiteElo "2001"]
[BlackElo "1925"]
[PlyCount "89"]
[EventDate "2015.04.28"]
[EventType "tourn"]
[EventRounds "9"]
[EventCountry "COL"]
[SourceTitle "EXT 2018"]
[Source "ChessBase"]
[SourceDate "2017.10.13"]
[SourceVersion "1"]
[SourceVersionDate "2017.10.13"]
[SourceQuality "1"]

1. e4 c5 2. Nf3 d6 3. d4 cxd4 4. Qxd4 Nc6 5. Bb5 Bd7 6. Bxc6 Bxc6 7. Nc3 Nf6 8. Bg5 e6 9. 0-0-0 Be7 10. Qd3 h6 11. Bxf6 Bxf6 12. Nd4 0-0 13. f4 Qb6 14. g4 Rad8 15. Rhg1 e5 16. Nxc6 bxc6 17. g5 hxg5 18. fxg5 Be7 19. Qh3 g6 20. Qf3 f5 21. gxf6 Rxf6 22. Qd3 Kg7 23. h4 Rh8 24. Qh3 Qf2 25. h5 Rh6 26. Qd7 Rf7 27. Qxc6 Rxh5 28. Nd5 Qc5 29. Qxc5 dxc5 30. Rg2 Bg5+ 31. Kb1 Bf4 32. Rdg1 g5 33. Nxf4 Rxf4 34. Rxg5+ Rxg5 35. Rxg5+ Kf6 36. Rg1 Rxe4 37. Kc1 Re2 38. Kd1 Rf2 39. Rg8 Ke6 40. Rg7 Rf7 41. Rxf7 Kxf7 42. Kd2 Ke6 43. Ke3 Kd5 44. c3 a5 45. b3 1/2-1/2

[Event "COL-ch U16"]
[Site "Medellin"]
[Date "2015.04.28"]
[Round "1"]
[White "Acosta Cubides, Jorian Jared"]
[Black "Ricciulli Vargas, Roberth Eliece"]
[Result "1/2-1/2"]
[WhiteElo "1925"]
[BlackElo "1847"]
[PlyCount "45"]
[EventDate "2015.04.28"]
[EventType "tourn"]
[EventRounds "9"]
[EventCountry "COL"]
[SourceTitle "EXT 2018"]
[Source "ChessBase"]
[SourceDate "2017.10.13"]
[SourceVersion "1"]
[SourceVersionDate "2017.10.13"]
[SourceQuality "1"]

1. e4 e5 2. Nf3 Nc6 3. Bc4 Bc5 4. b4 Bxb4 5. c3 Ba5 6. d4 d6 7. Qb3 Qe7 8. 0-0 Bb6 9. Ba3 Na5 10. Qa4+ Bd7 11. Bb5 c6 12. Bd3 c5 13. Bb5 exd4 14. cxd4 Bxb5 15. Qxb5+ Qd7 16. Qd3 Ne7 17. Nc3 Nac6 18. Nb5 a6 19. dxc5 Bxc5 20. Nxd6+ Qxd6 21. Qxd6 Bxd6 22. Bxd6 f6 23. Rfd1 1/2-1/2

[Event "Central Region-ch U16 Integrada"]
[Site "Villavicencio"]
[Date "2015.04.24"]
[Round "3.1"]
[White "Acosta Cubides, Jorian Jared"]
[Black "Jimenez, Leonardo Andres"]
[Result "1/2-1/2"]
[WhiteElo "1925"]
[BlackElo "1942"]
[PlyCount "31"]
[EventDate "2015.04.23"]
[EventType "swiss"]
[EventRounds "5"]
[EventCountry "COL"]
[SourceTitle "EXT 2024"]
[Source "ChessBase"]
[SourceDate "2023.10.10"]
[SourceVersion "1"]
[SourceVersionDate "2023.10.10"]
[SourceQuality "1"]

1. e4 e6 2. d4 d5 3. Nc3 Bb4 4. e5 c5 5. a3 Bxc3+ 6. bxc3 Ne7 7. Nf3 Qa5 8. Bd2 Qa4 9. Bd3 c4 10. Be2 Nbc6 11. h4 h6 12. h5 Bd7 13. Qc1 0-0-0 14. Rb1 Rdg8 15. Qb2 b6 16. Qc1 1/2-1/2

[Event "COL-ch Amateur"]
[Site "Villavicencio"]
[Date "2015.02.19"]
[Round "4"]
[White "Acosta Cubides, Jorian Jared"]
[Black "Barraza, Luis Alberto"]
[Result "0-1"]
[WhiteElo "1960"]
[BlackElo "1872"]
[PlyCount "84"]
[EventDate "2015.02.18"]
[EventType "swiss"]
[EventRounds "9"]
[EventCountry "COL"]
[SourceTitle "CBM 165 Extra"]
[Source "ChessBase"]
[SourceDate "2015.04.21"]
[SourceVersion "1"]
[SourceVersionDate "2015.04.21"]
[SourceQuality "1"]

1. e4 c5 2. Nf3 d6 3. d4 cxd4 4. Nxd4 Nf6 5. Nc3 a6 6. Bc4 e6 7. Bb3 Be7 8. 0-0 0-0 9. Be3 b5 10. f4 b4 11. Na4 Bb7 12. f5 e5 13. Nf3 Nbd7 14. Bd5 Nxd5 15. exd5 Qa5 16. c4 bxc3 17. Nxc3 Nf6 18. Bg5 Rfe8 19. Bxf6 Bxf6 20. Qd3 Rab8 21. Rab1 Kh8 22. Kh1 Bc8 23. Nd2 Rb4 24. Nde4 Rd4 25. Qf3 Be7 26. f6 gxf6 27. Nxf6 Rf4 28. Nxe8 Rxf3 29. Rxf3 f5 30. g4 Qd8 31. gxf5 Qxe8 32. f6 Qf7 33. Rg1 Bf8 34. Rgg3 Bh6 35. Ne4 Bb7 36. Nxd6 Qxd5 37. Nxb7 Bf4 38. f7 Qxf7 39. Rxf4 exf4 40. Rb3 Qc4 41. Kg2 Qe2+ 42. Kg1 f3 0-1

[Event "Mosquera op"]
[Site "Mosquera"]
[Date "2014.11.03"]
[Round "8"]
[White "Acosta Cubides, Jorian Jared"]
[Black "Becerra, Juan David"]
[Result "0-1"]
[WhiteElo "1901"]
[BlackElo "2155"]
[PlyCount "78"]
[EventDate "2014.10.30"]
[EventType "swiss"]
[EventRounds "9"]
[EventCountry "COL"]
[SourceTitle "EXT 2015"]
[Source "ChessBase"]
[SourceDate "2014.11.20"]
[SourceVersion "1"]
[SourceVersionDate "2014.11.20"]
[SourceQuality "1"]

1. e4 e6 2. d4 d5 3. Nc3 Bb4 4. e5 c5 5. a3 Bxc3+ 6. bxc3 Ne7 7. Qg4 0-0 8. Nf3 f5 9. Qf4 Nbc6 10. Be2 Qa5 11. Qd2 f4 12. a4 c4 13. 0-0 b5 14. Ba3 bxa4 15. Ra2 Bd7 16. Rfa1 Rae8 17. Bb4 Nxb4 18. cxb4 Qd8 19. c3 Nc8 20. Bd1 Nb6 21. Bc2 g5 22. h3 Re7 23. Nh2 Rg7 24. Qe2 Bb5 25. Qf3 Qe8 26. Ng4 Nd7 27. Bxa4 a6 28. Bxb5 axb5 29. Ra7 h5 30. Nh6+ Kh7 31. Ra8 Qg6 32. Rxf8 Nxf8 33. Ra8 Nd7 34. Ng4 hxg4 35. hxg4 Qb1+ 36. Kh2 Rg6 37. Qh3+ Rh6 38. Rh8+ Kxh8 39. Qxh6+ Qh7 0-1

[Event "Mosquera op"]
[Site "Mosquera"]
[Date "2014.11.02"]
[Round "7"]
[White "Dominguez Rincon, Miller Duvan"]
[Black "Acosta Cubides, Jorian Jared"]
[Result "0-1"]
[WhiteElo "2066"]
[BlackElo "1901"]
[PlyCount "58"]
[EventDate "2014.10.30"]
[EventType "swiss"]
[EventRounds "9"]
[EventCountry "COL"]
[SourceTitle "EXT 2015"]
[Source "ChessBase"]
[SourceDate "2014.11.20"]
[SourceVersion "1"]
[SourceVersionDate "2014.11.20"]
[SourceQuality "1"]

1. e4 c5 2. Nf3 d6 3. Bb5+ Bd7 4. Bxd7+ Qxd7 5. 0-0 Nc6 6. Re1 e6 7. b3 Nf6 8. Bb2 Be7 9. d4 0-0 10. c4 cxd4 11. Nxd4 Rad8 12. Nc3 a6 13. Nxc6 Qxc6 14. Qd4 Rd7 15. Re3 Rfd8 16. Rg3 Qc5 17. Qd2 Kh8 18. Rg5 Nxe4 19. Nxe4 Bxg5 20. Nxg5 Qf5 21. h4 f6 22. Nf3 d5 23. cxd5 Rxd5 24. Qe2 e5 25. Rc1 e4 26. Nd4 Rxd4 27. Bxd4 Rxd4 28. Qh5 Qd7 29. Rc7 Rd1+ 0-1

[Event "Bogota Superate Intercol Adv"]
[Site "Bogota"]
[Date "2014.10.24"]
[Round "5.1"]
[White "Arrieta Hernandez, Cristian"]
[Black "Acosta Cubides, Jorian Jared"]
[Result "1-0"]
[WhiteElo "1569"]
[BlackElo "1991"]
[PlyCount "65"]
[EventDate "2014.10.24"]
[EventType "swiss (blitz)"]
[EventRounds "8"]
[EventCountry "COL"]
[SourceTitle "EXT 2024"]
[Source "ChessBase"]
[SourceDate "2023.10.10"]
[SourceVersion "1"]
[SourceVersionDate "2023.10.10"]
[SourceQuality "1"]

1. e4 c5 2. Nf3 d6 3. d4 cxd4 4. Nxd4 Nf6 5. Nc3 Nc6 6. Be3 e6 7. f4 Be7 8. Bb5 Bd7 9. 0-0 a6 10. Bxc6 bxc6 11. f5 e5 12. Nf3 0-0 13. a4 Bc8 14. a5 Bb7 15. Bb6 Qd7 16. Re1 Bd8 17. Na4 Bc7 18. Nxe5 dxe5 19. Qxd7 Bxb6+ 20. Nxb6 Nxd7 21. Nxd7 Rfd8 22. Rad1 f6 23. Nc5 Rxd1 24. Rxd1 Rb8 25. b4 h6 26. c3 Kh7 27. Rd7 Bc8 28. Rd8 g6 29. Nd7 Rb7 30. Nxf6+ Kg7 31. Ne8+ Kf7 32. Rxc8 gxf5 33. Nd6+ 1-0

[Event "Bogota Superate Intercol Adv"]
[Site "Bogota"]
[Date "2014.10.24"]
[Round "1.2"]
[White "Pai, Juan David"]
[Black "Acosta Cubides, Jorian Jared"]
[Result "0-1"]
[WhiteElo "1556"]
[BlackElo "1991"]
[PlyCount "106"]
[EventDate "2014.10.24"]
[EventType "swiss (blitz)"]
[EventRounds "8"]
[EventCountry "COL"]
[SourceTitle "EXT 2024"]
[Source "ChessBase"]
[SourceDate "2023.10.10"]
[SourceVersion "1"]
[SourceVersionDate "2023.10.10"]
[SourceQuality "1"]

1. f4 c5 2. Nf3 d6 3. e3 Nf6 4. Be2 g6 5. 0-0 Bg7 6. c3 0-0 7. d4 cxd4 8. exd4 b6 9. Nbd2 Bb7 10. h3 Nbd7 11. Qc2 Rc8 12. Bd3 Nd5 13. Re1 Nxf4 14. Nb3 Nxd3 15. Qxd3 Nf6 16. Bg5 h6 17. Bxf6 Bxf6 18. Re2 Bd5 19. Rae1 Bc4 20. Qe3 Bxe2 21. Rxe2 Kg7 22. Nbd2 Re8 23. Ne4 d5 24. Nxf6 exf6 25. Qd3 Rxe2 26. Qxe2 Qe8 27. Qd3 Qe4 28. Qd2 Re8 29. Kf2 g5 30. Qe1 Qc2+ 31. Qd2 Qxd2+ 32. Nxd2 f5 33. Nf3 f6 34. Nd2 g4 35. h4 f4 36. g3 f3 37. Nxf3 gxf3 38. Kxf3 Kg6 39. g4 Re4 40. Kg3 Re2 41. b3 Rxa2 42. c4 dxc4 43. bxc4 Ra4 44. c5 bxc5 45. dxc5 Rc4 46. Kf3 Rxc5 47. Kg3 a5 48. Kf3 a4 49. Kg3 a3 50. Kf3 a2 51. Ke3 a1Q 52. Kf3 Rc3+ 53. Kf4 Qa4# 0-1

[Event "Bogota Superate Intercol Adv"]
[Site "Bogota"]
[Date "2014.10.23"]
[Round "4.1"]
[White "Acosta Cubides, Jorian Jared"]
[Black "Quinonez Garcia, Santiago"]
[Result "1-0"]
[WhiteElo "1944"]
[BlackElo "1904"]
[PlyCount "77"]
[EventDate "2014.10.23"]
[EventType "swiss (rapid)"]
[EventRounds "6"]
[EventCountry "COL"]
[SourceTitle "EXT 2024"]
[Source "ChessBase"]
[SourceDate "2023.10.10"]
[SourceVersion "1"]
[SourceVersionDate "2023.10.10"]
[SourceQuality "1"]

1. e4 e6 2. d4 d5 3. Nc3 Bb4 4. e5 c5 5. a3 Bxc3+ 6. bxc3 Qc7 7. Qg4 f5 8. Qf4 cxd4 9. Qxd4 Bd7 10. Nf3 Nc6 11. Qe3 Nge7 12. Bb2 Na5 13. Bd3 Nc4 14. Bxc4 Qxc4 15. Nd2 Qc7 16. 0-0 Ba4 17. Nb3 b6 18. Rad1 Qc8 19. Qg3 0-0 20. Qh4 Qd7 21. c4 Ng6 22. Qd4 Bxb3 23. cxb3 Rfd8 24. Rd2 Ne7 25. Rfd1 b5 26. Bc3 bxc4 27. bxc4 Qc7 28. Bb4 a5 29. Bd6 Qd7 30. Qe3 dxc4 31. Qc5 Nd5 32. Qxc4 Rac8 33. Qa6 Qa4 34. Rd4 Qc2 35. Be7 Re8 36. Qxe6+ Kh8 37. Rxd5 Qb3 38. Qxc8 Rxc8 39. Rd8+ 1-0

[Event "Bogota Superate Intercol"]
[Site "Bogota"]
[Date "2014.10.23"]
[Round "5.1"]
[White "Quinonez Garcia, Santiago"]
[Black "Acosta Cubides, Jorian Jared"]
[Result "1-0"]
[WhiteElo "1926"]
[BlackElo "1901"]
[PlyCount "49"]
[EventDate "2014.10.21"]
[EventType "swiss"]
[EventRounds "5"]
[EventCountry "COL"]
[SourceTitle "EXT 2024"]
[Source "ChessBase"]
[SourceDate "2023.10.10"]
[SourceVersion "1"]
[SourceVersionDate "2023.10.10"]
[SourceQuality "1"]

1. e4 c5 2. Nf3 d6 3. d4 cxd4 4. Qxd4 a6 5. c4 Nc6 6. Qe3 g6 7. Nc3 Bg7 8. h3 Nf6 9. Be2 0-0 10. 0-0 b6 11. Rb1 Nd7 12. b3 Bb7 13. Bb2 Nc5 14. Nd5 Bxb2 15. Rxb2 e6 16. Nc3 Ne5 17. Rd2 Qc7 18. Rfd1 Nxf3+ 19. Bxf3 Rad8 20. b4 Nd7 21. Rxd6 Bd5 22. Nxd5 Qxd6 23. Nf6+ Nxf6 24. Rxd6 Rxd6 25. e5 1-0

[Event "Central America & Caribbean U14"]
[Site "Palmira"]
[Date "2014.10.07"]
[Round "7.6"]
[White "Acosta Cubides, Jorian Jared"]
[Black "Rengifo Jaramillo, David"]
[Result "1-0"]
[WhiteElo "1901"]
[BlackElo "1852"]
[PlyCount "57"]
[EventDate "2014.10.04"]
[EventType "swiss"]
[EventRounds "9"]
[EventCountry "COL"]
[SourceTitle "EXT 2024"]
[Source "ChessBase"]
[SourceDate "2023.10.10"]
[SourceVersion "1"]
[SourceVersionDate "2023.10.10"]
[SourceQuality "1"]

1. e4 c5 2. Nf3 d6 3. d4 cxd4 4. Nxd4 Nf6 5. Nc3 g6 6. Be3 Bg7 7. f3 Nc6 8. Qd2 Bd7 9. 0-0-0 0-0 10. g4 Qa5 11. Kb1 Rfc8 12. h4 h5 13. gxh5 Nxh5 14. Rg1 Ne5 15. Nb3 Qd8 16. Qf2 Be6 17. Nd5 Bxd5 18. exd5 Qd7 19. Be2 Nc4 20. Bc1 a5 21. f4 a4 22. Nd4 Nf6 23. Qg2 a3 24. b3 Nb6 25. c4 Nh5 26. Bg4 Qe8 27. Bxh5 Bxd4 28. Rxd4 Na4 29. f5 1-0